000 00875nam a22002657a 4500
001 4506
003 FISKH
005 20250115083237.0
008 240912b cb ||||| |||| 00| 0 eng d
020 _a9780590464642
040 _aFISKH
_beng
_cFISKH
_dFISKH
050 _aPC4629.E48
082 _a463.21
100 _aEmberley, Rebecca
_eauthor
245 _aTaking a walk : A book in two languages : Caminando (Spanish Edition) /
_cby Rebecca Emberley
260 _aNew York :
_bScholastic ;
_c1990.
300 _a27 unnumbered pages :
_bcolor illustrations ;
_c23 x 25 cm
505 _aF
520 _aLabeled illustrations and Spanish and English text introduce the things a child sees while on a walk.
521 8 _a350
_bLexile estimate
521 8 _aF
_bRaz-Plus
650 _abilingual
_vnon-fiction
942 _2ddc
_cBK
_n0
999 _c4506
_d4506